| 000 | 00607nam a22001937a 4500 | ||
|---|---|---|---|
| 999 |
_c12522 _d12522 |
||
| 003 | AR-CdUCM | ||
| 008 | 190409b ||||| |||| 00| 0 spa d | ||
| 040 |
_aMUNICIPALIDAD PROVINCIAL DEL CUSCO _cBIBLIOTECA MUNICIPAL DEL CUSCO |
||
| 082 |
_a370 / _bM61 / 1948 |
||
| 110 |
_aMinisterio de educación publica _96342 |
||
| 245 | _aHomenaje al maestro peruano / | ||
| 260 |
_aLima : _bPublicaciones E.N. _c1984. |
||
| 300 |
_a26 paginas ; _c20 cm. |
||
| 505 | _aContenido :Homenaje al maestro / | ||
| 650 |
_aMaestro _92997 |
||
| 650 |
_aEducación _9460 |
||
| 942 |
_2ddc _cLIBROS |
||
| 945 |
_arjall _d2019-04-09 |
||